Epic II - Hadestown - Statistics

General Stats
  • This quiz has been taken 18 times
  • The average score is 112 of 162
Answer Stats
Role Lyric % Correct
Hades
100%
a
92%
And
92%
and
92%
He
92%
he
92%
Orpheus King
92%
king
92%
La, la, la, la, la, la
92%
La, la, la, la, la, la, la
92%
of
92%
silver,
92%
the
92%
The
92%
under
92%
gold
83%
ground
83%
(Orpheus) in
83%
is
83%
that
83%
bricks
75%
coal
75%
His
75%
his
75%
oil
75%
River
75%
river
75%
Styx
75%
all
67%
are
67%
builds
67%
come
67%
ever
67%
everything
67%
him,
67%
him
67%
lays
67%
mortar,
67%
not
67%
own
67%
stones
67%
sun
67%
wall
67%
back
58%
doubt
58%
Doubt
58%
lover
58%
never
58%
riches
58%
she'll
58%
song
58%
them
58%
(Orpheus) will
58%
with
58%
With
58%
arms
50%
Dread
50%
feeds
50%
fuels
50%
glittering
50%
hands
50%
hands,
50%
high
50%
jealousy
50%
million
50%
once
50%
thick
50%
where
50%
wife
50%
Around
42%
black
42%
But
42%
crashing
42%
earth
42%
falls
42%
fills
42%
flashes,
42%
found
42%
from
42%
gone
42%
half
42%
hammer
42%
heard
42%
pickaxe
42%
pounding
42%
rivers
42%
surround
42%
thinks
42%
year
42%
crude
33%
digs
33%
drown
33%
flow
33%
for
33%
loneliness
33%
out
33%
Persephone
33%
sound
33%
those
33%
moves
25%
No matching quizzes found
Score Distribution
Percent of People with Each Score
Percentile by Number Answered
Your Score History
You have not taken this quiz